Statistiken für Feiertage in Deutschland

Klicken Sie hier um das Quiz zu spielen!

Allgemein

  • Dieses Quiz wurde 8.073 mal gespielt
  • Das Durchschnittsergebnis liegt bei 7 aus 9

Antwortstatistiken

DatumFeiertag% Korrekt
1. JanuarNeujahr
98%
Freitag vor OstersonntagKarfreitag
90%
3. OktoberTag der Deutschen Einheit
84%
25. Dezember1. Weihnachtstag
83%
26. Dezember2. Weihnachtstag
83%
1. MaiTag der Arbeit
83%
Montag nach PfingstsonntagPfingstmontag
76%
39 Tage nach OstersonntagChristi Himmelfahrt
63%
Drei Tage nach ^^^Ostermontag
61%

Verteilung der Resultate

Perzentil nach korrekt beantworteten Fragen

Anzahl Personen mit jedem Resultat

Ihre Resultats-Entwicklung

Sie haben dieses Quiz noch nicht gespielt